000 01198nam0a22003011 4500
001 rc\4304075
005 20250612043137.0
021 _aRU
_b[64-69930]
035 _a(NLR Aleph) 008503947
090 _a8126692
_c8126692
100 _a20130416d1964 |||y0rusy50 ca
101 0 _arus
102 _aRU
105 _aab z |||||
200 1 _aИстория Узбекской ССР
_eУчеб. пособие для 8 класса школ УзССР
210 _aТашкент
_cСред. и высш. школа
_d1964
215 _a126 с., 3 отд. л. карт.
_cил.
_d22
300 _aПеред загл. авт.: М.Г. Вахабов, К.Е. Житов, Б.Т. Дегтяр
300 _aНа переплете авт. не указаны
607 _aУзбекская ССР
_xИстория
_jУчебники и пособия
_2psbo
700 1 _aВахабов
_bМ.Г.
_f1909-
_gМавлян Гафарович
701 1 _aЖитов
_bК.Е.
_gКонстантин Евлампиевич
701 1 _aДегтяр
_bБ.Т.
_gБорис Тойвович
801 0 _aRU
_bNLR
_gpsbo
801 1 _aRU
_bELAR
_2rusmarc
852 _aNLR
_j64-5/4505
942 _cBOOK
980 _aNB